Les arrêts du bus 32 RATP (Paris) - Statistiques

Statistiques générales
  • Ce quiz a été pris 2 fois
  • Le résultat moyen est 27 sur 46
Statistiques - réponses
Numéro Arrêts % Correct
33 Auber
100%
39 Carrefour de Châteaudun
100%
35 Chaussée d'Antin
100%
29 Gare Saint-Lazare
100%
42 Grands Boulevards
100%
32 Havre - Caumartin
100%
31 Havre - Haussmann
100%
21 La Boétie - Champs-Elysées
100%
8 La Muette - Boulainvilliers
100%
24 Matignon - Saint-Honoré
100%
34 Opéra
100%
28 Pasquier - Anjou
100%
38 Richelieu - Drouot
100%
27 Saint-Augustin
100%
41 Square Montholon
100%
16 Trocadéro
100%
17 Albert de Mun
50%
3 Alfred Capus
50%
7 Avenue Ingres
50%
40 Cadet
50%
36 Choiseul
50%
47 Faubourg Saint-Denis
50%
2 Gare d'Auteuil
50%
25 Haussmann - Miromesnil
50%
44 Hauteville
50%
18 Iéna
50%
13 La Tour
50%
37 Le Peletier - Haussmann
50%
19 Marceau - Pierre 1er de Serbie - Place de Beyrouth
50%
14 Passy - La Tour
50%
10 Place de Passy
50%
43 Poissonnière - Bonne Nouvelle
50%
5 Porte de Passy
50%
45 Porte Saint-Denis
50%
22 Rond-Point des Champs-Elysées - Matignon
50%
23 Saint-Philippe-du-Roule
50%
15 Scheffer
50%
46 Château d'Eau
0%
12 Jean Bologne
0%
26 La Boétie - Miromesnil
0%
6 Louis Boilly
0%
9 Passy - Boulainvilliers
0%
20 Pierre Charron - François 1er
0%
11 Place Possoz
0%
4 Raffet
0%
30 Rome - Haussmann
0%
Aucun quiz correspondant
Distribution des résultats
% des personnes avec chaque résultat
Percentile par nombre de réponses
Votre historique - résultats
Vous n’avez pas pris ce quiz